00814nam a2200229 a 4500001001200000005001700012008004100029020001800070040001500088041000800103082001700111100001800128245015300146246007300299260007600372300001800448653002300466653001200489653002900501653001900530700003500549CL00010719120240524065606.0160706s2016 vm vie d a9786045846148 aDLCeAACR21 avie04a158.1bT761B1 aTracy, Brian.10aChinh phục mục tiêu Goalsb: How to get everything you want faster than you ever thought possiblec/ Brian Tracy; Nguyễn Trung An dịch. 11aHow to get everything you want faster than you ever thought possible aTp. Hồ Chí Minhb: Tổng hợp TP. Hồ Chí Minhc, 2016 a325 tr.c21cm 0a Goal (Psychology) 0aSuccess 4aGoal (Tâm lý học)  4aThành công1 aNguyễn, Trung Ane: Dịch